01052nam a2200301Ia 4500001001000000003000500010008004100015010001100056040000900067082001600076100003400092245007900126260005900205300001000264650003800274650003500312650003600347650003400383710004700417901001600464902000600480905006300486910000900549942000900558942001200567999001900579952015200598Para_2227CHAP220125s1995 xx 000 0 und d a200810 cCHAP aPA 634.2 O3 aOgawa, Joseph M., ed.9165660 aCompendium of stone fruit diseases /c ed. by Joseph M. Ogawa... [et. al] aSt. Paul Minn. :b American Phytopathological Society a98 p. aChabacano x enfermedades 921675 aCiruela x enfermedades923408 aDurazno x enfermedades 934594 aFruta x enfermedades 943611 aAmerican Phitopathological Society9165661 aPA 634.2 O3 aA a0000001995 a 0000000000 00 a1995 cPARA cPARAd1 c200810d200810 00102ddc40708GRALaPAbPAd2005-10-27i(PA_7928) (No. UACh 204619)l0oPA 634.2 O3p4102003399r2024-08-22 15:04:29tEj.1w2022-01-25yLIBROz3